25 lat po rewolucjach środkowoeuropejskich
| Titel: | 25 lat po rewolucjach środkowoeuropejskich : co się stało z solidarnością Europejczyków? / Basil Kerski, Jan Lityński, Markus Meckel, Janusz Reiter, Oksana Zabużko |
|---|---|
| Verfasser: | ; ; ; ; |
| In: |
Lekcja solidarności, (2017), Seite 81-92 alle Artikel anzeigen |
| Veröffentlicht: | 2017 |
| Format: | Aufsatz |
| Sprache: | Polnisch |
X
alg: 44570255 001A $03025:28-02-19 001B $01999:28-02-19 $t23:50:14.000 001D $03025:28-02-19 001U $0utf8 001X $00 002@ $0Oou 002C $aText $btxt $2rdacontent 002D $aComputermedien $bc $2rdamedia 002E $aOnline-Ressource $bcr $2rdacarrier 003@ $0445702559 007A $0445702559 $aHEB 009Q $uhttps://www.ecs.gda.pl/library/File/nauka/e-booki/ECS_raport_Lekcja_.pdf $xH 010@ $apol 010E $erda 011@ $a2017 013D $RDiskurs $RInterview $RKonversation $#Conversation $#Interviews $#Conversation $#Entretiens $#Gespräch $#Gesprächssammlung $#Gespräche $74020713-4 $8Gespräch [Ts1] $9085050156 021A $a25 lat po rewolucjach środkowoeuropejskich $dco się stało z solidarnością Europejczyków? $hBasil Kerski, Jan Lityński, Markus Meckel, Janusz Reiter, Oksana Zabużko 028A $BVerfasser $#Kerski, Bazil $4aut $7122822781 $8Kerski, Basil$Z1969- [Tp3] $9153894199 028C $BVerfasser $4aut $71051763398 $8Lityński, Jan$Z1946-2021 [Tp3] $9340785942 028C $BVerfasser $4aut $7112088503 $8Meckel, Markus$Z1952- [Tp1] $9146580184 028C $BVerfasser $#Reiter, Janusz $4aut $7121050149 $8Reiter, Janusz$Z1952- [Tp1] $9152519394 028C $BVerfasser $#Забужко, Оксана Стефанівна $#Zabužko, Oksana $#Zabužko, Oksana Stepanivna $#Zabužko, O. S. $#Zabuzʹko, Oksana Stefanovna $#Zabuzhko, O. S. $#Zabujzko, Oksana $#Zabuschko, Oksana S. $#Zabuzhko, Oksana Stefanivna $#Zabuzhko, Oksana $#Sabuschko, Oksana $#Zabużko, Oksana $#Забужко, Оксана $4aut $7128349832 $8Zabužko, Oksana Stefanivna$Z1960- [Tp1] $9114121605 031A $h81-92 $j2017 039B $aEnthalten in $8--Oau--. Lekcja solidarności. - Gdańsk : Europejskie Centrum Solidarności, 2017. - 91 Seiten. - ISBN 978-83-62853-66-3 $x201700000000000919 $9445695900 044K $RMitteleuropa $RVisegrád-Staaten $ROsteuropa $#Ostmitteleuropa $#Ostmitteleuropa $#Mitteleuropa, Ost $#Central Europe Ostmitteleuropa $#Mittelosteuropa $74075753-5 $8Ostmitteleuropa [Tg1] $9085214485 044K $RRussische SFSR $#Russland $#Russland $#Россия $#Rußland $#Krievija $#Federazione Russa $#RF $#Großrussland $#Großrußland $#Russia -1917; 1992- $#Rossijskaja Imperija $#Russie $#Empire de Russie $#Russian Federation $#Federacja Rosyjska $#Rosja $#Rossija $#Rossijskaja Federacija $#Russische Föderation $#RF Rossija $#Russia $#Russland -1917 ; 1992- $#Russisches Reich $#РФ $#Российская Федерация $#Российская Империя $74076899-5 $8Russland [Tgz] $9085217913 044K $RUkrainische SSR $#Ukraine $#Ukraine $#Украïна $#Ukrainische SSR $#Ukrajina $#Ukraina $#Ukrai͏̈na Ukraine $#Ukraina Ukraine $#Ukrajna $74061496-7 $8Ukraine [Tgz] $9085170801 044K $RWeltpolitik $RAußenpolitik $RInternationales politisches System $#International relations $#Relations internationales $#Relazioni internazionali $#Relaciones internacionales $#Internationale Politik $#internationale Politik $#bilaterale Beziehungen $#internationale Beziehungen $#Internationale Beziehungen $#Politische Beziehungen Internationale Politik $#Zwischenstaatliche Beziehungen $74072885-7 $8Internationale Politik [Tsz] $9085205222 044K $REuropagedanke $RIntegration $REuropabewegung $#European federation $#Europe Unité $#Europäische Integration $#Europapolitik $#Europapolitik $#europäische Integration $#Europäische Einheit $#Europäische Einigung $#Europäische Zusammenschlüsse $#Europapolitik $#Einigung von Europa $#Europa-Integration $#Einheit von Europa $#Vereinigung von Europa $#Westeuropäische Integration $74071013-0 $8Europäische Integration [Ts1] $9085200018 045F $a909 $eDDC23BSB 045F/01 $a909 045F/03 $g437 045R $aGeschichte 1989-2014 lok: 44570255 78 exp: 44570255 78 1 #EPN 201B/01 $028-02-19 $t15:47:25.000 201C/01 $028-02-19 201U/01 $0utf8 203@/01 $01046726374 208@/01 $a28-02-19 $be 209A/01 $a/ $f000 $x00 209A/01 $ab*p $x01 220C/01 $apgar 244Z/01 $#Ostmitteleuropa $#Ostmitteleuropa $#Mitteleuropa, Ost $#Central Europe Ostmitteleuropa $#Mittelosteuropa $74075753-5 $8--Tg1--Ostmitteleuropa $x01 $9085214485 247C/01 $82080>Marburg/Lahn, Herder-Institut, Forschungsbibliothek, Bibliographieportal $9336309341
| LEADER | 00000caa a2200000 c 4500 | ||
|---|---|---|---|
| 001 | 445702559 | ||
| 003 | DE-603 | ||
| 005 | 20190228235014.0 | ||
| 007 | cr|||||||||||| | ||
| 008 | 190228s2017 xx |||| o| u00||u|pol c | ||
| 035 | |a (DE-599)HEB445702559 | ||
| 040 | |a DE-603 |b ger |c DE-603 |d DE-603 |e rda | ||
| 041 | |a pol | ||
| 082 | 0 | 4 | |8 1\u |a 909 |q DE-101 |2 23/BSB |
| 085 | |8 1\u |b 909 | ||
| 085 | |8 1\u |z 2 |s 437 | ||
| 100 | 1 | |a Kerski, Basil |d 1969- |e Verfasser |4 aut |0 (DE-603)153894199 |0 (DE-588)122822781 |2 gnd | |
| 245 | 0 | 0 | |a 25 lat po rewolucjach środkowoeuropejskich |b co się stało z solidarnością Europejczyków? |c Basil Kerski, Jan Lityński, Markus Meckel, Janusz Reiter, Oksana Zabużko |
| 264 | 0 | |c 2017 | |
| 336 | |a Text |b txt |2 rdacontent | ||
| 337 | |a Computermedien |b c |2 rdamedia | ||
| 338 | |a Online-Ressource |b cr |2 rdacarrier | ||
| 648 | 7 | |a Geschichte 1989-2014 |2 gnd | |
| 650 | 7 | |a Internationale Politik |0 (DE-588)4072885-7 |0 (DE-603)085205222 |2 gnd | |
| 650 | 7 | |a Europäische Integration |0 (DE-588)4071013-0 |0 (DE-603)085200018 |2 gnd | |
| 651 | 7 | |a Ostmitteleuropa |0 (DE-588)4075753-5 |0 (DE-603)085214485 |2 gnd | |
| 651 | 7 | |a Russland |0 (DE-588)4076899-5 |0 (DE-603)085217913 |2 gnd | |
| 651 | 7 | |a Ukraine |0 (DE-588)4061496-7 |0 (DE-603)085170801 |2 gnd | |
| 655 | 7 | |a Gespräch |2 gnd-content |0 (DE-588)4020713-4 |0 (DE-603)085050156 | |
| 700 | 1 | |a Lityński, Jan |d 1946-2021 |e Verfasser |4 aut |0 (DE-603)340785942 |0 (DE-588)1051763398 |2 gnd | |
| 700 | 1 | |a Meckel, Markus |d 1952- |e Verfasser |4 aut |0 (DE-603)146580184 |0 (DE-588)112088503 |2 gnd | |
| 700 | 1 | |a Reiter, Janusz |d 1952- |e Verfasser |4 aut |0 (DE-603)152519394 |0 (DE-588)121050149 |2 gnd | |
| 700 | 1 | |a Zabužko, Oksana Stefanivna |d 1960- |e Verfasser |4 aut |0 (DE-603)114121605 |0 (DE-588)128349832 |2 gnd | |
| 773 | 0 | 8 | |i Enthalten in |t Lekcja solidarności |d Gdańsk : Europejskie Centrum Solidarności, 2017 |h 91 Seiten |z 9788362853663 |g (2017), Seite 81-92 |w (DE-603)445695900 |
| 856 | |u https://www.ecs.gda.pl/library/File/nauka/e-booki/ECS_raport_Lekcja_.pdf |x Verlag | ||
| 924 | 1 | |9 2080 |a (DE-603)1046726374 |b DE-2080 |c HES |d d |g / | |


